000 00338nam a2200145Ia 4500
008 230718s9999 xx 000 0 und d
041 _aEng.
082 _a347.735
_bCAM-K
100 _aCammisby, David
245 0 _aKantian Cm sequentia
260 _aPakistan
_bsweet and Mannual
_c1954
300 _a380
650 _aLaw
999 _c26264
_d26264